[Event "Titled Tuesday intern op 16th Apr Late"]
[Site "Chess.com INT"]
[Date "2024.04.16"]
[Round "7"]
[White "Durarbayli, Vasif"]
[Black "Rozman, Levy"]
[Result "1-0"]
[WhiteElo "2627"]
[BlackElo "2322"]
[PlyCount "65"]
[EventDate "2024.04.16"]
[EventType "swiss (blitz)"]
[EventRounds "11"]
[EventCountry "USA"]
[SourceTitle "CB17_2024"]
[SourceDate "2024.04.24"]
[SourceVersion "1"]
[SourceVersionDate "2024.04.24"]
[SourceQuality "1"]

1. e4 d5 2. exd5 Qxd5 3. Nc3 Qa5 4. Nf3 Nf6 5. Bc4 Bf5 6. 0-0 e6 7. Re1 Nc6 8. Bb5 Qb6 9. Ne5 Bd6 10. d4 0-0 11. Be3 Nd5 12. Bxc6 Nxc3 13. bxc3 Bxe5 14. Bf3 Bf6 15. Rb1 Qa5 16. Bxb7 Rab8 17. Qd2 Qxa2 18. Ra1 Qb2 19. Bc6 Qxc2 20. Qxc2 Bxc2 21. Rec1 Bg6 22. Rxa7 Rfc8 23. Bd7 Rd8 24. Rxc7 Rb2 25. h3 h6 26. c4 Be4 27. c5 Bg5 28. Bxg5 hxg5 29. c6 Kf8 30. Rc8 Rxc8 31. Bxc8 Rb8 32. Ba6 Bxc6 33. Rxc6 1-0

[Event "Titled Tuesday intern op 16th Apr Early"]
[Site "Chess.com INT"]
[Date "2024.04.16"]
[Round "6"]
[White "Rozman, Levy"]
[Black "Suyarov, Mukhammadzokhid"]
[Result "1/2-1/2"]
[WhiteElo "2322"]
[BlackElo "2405"]
[PlyCount "143"]
[EventDate "2024.04.16"]
[EventType "swiss (blitz)"]
[EventRounds "11"]
[EventCountry "USA"]
[SourceTitle "CB17_2024"]
[SourceDate "2024.04.24"]
[SourceVersion "1"]
[SourceVersionDate "2024.04.24"]
[SourceQuality "1"]

1. e4 e5 2. Nc3 Nf6 3. d4 exd4 4. Qxd4 Nc6 5. Qd3 Bb4 6. Bd2 0-0 7. 0-0-0 Re8 8. Nge2 d6 9. f3 Ne5 10. Qb5 a5 11. Nf4 Bd7 12. Qe2 c6 13. a3 Bc5 14. Nd3 Nxd3+ 15. Qxd3 b5 16. Be3 Qb6 17. Bxc5 dxc5 18. Qe3 a4 19. Nb1 Be6 20. Be2 Reb8 21. c3 h6 22. Rd6 b4 23. cxb4 cxb4 24. Qxb6 Rxb6 25. Rhd1 Ra7 26. Rd8+ Kh7 27. R1d6 Rab7 28. Rd2 Ba2 29. Bd3 g6 30. axb4 Rxb4 31. Nc3 Be6 32. e5 Nd7 33. Ne4 Nxe5 34. Nf6+ Kg7 35. Ne8+ Kf8 36. Nd6+ Ke7 37. Nxb7 Rxb7 38. Ra8 Rb4 39. Bc2 Bb3 40. Ra7+ Ke6 41. Re2 Rc4 42. Kb1 Kf6 43. Rb7 Bxc2+ 44. Rxc2 Rd4 45. Ra7 Kf5 46. Ra5 h5 47. Re2 f6 48. Ka2 h4 49. g3 hxg3 50. hxg3 g5 51. Ka3 Kg6 52. Raxe5 fxe5 53. Rxe5 Rd3+ 54. Kxa4 Rxf3 55. Re6+ Kf5 56. Rxc6 Rxg3 57. b4 Rg1 58. b5 g4 59. Rc8 g3 60. Rg8 g2 61. Ka5 Ra1+ 62. Kb6 g1Q+ 63. Rxg1 Rxg1 64. Kc7 Rc1+ 65. Kd7 Rb1 66. Kc7 Ke6 67. b6 Rc1+ 68. Kd8 Rd1+ 69. Kc7 Rc1+ 70. Kd8 Rb1 71. Kc7 Rxb6 72. Kxb6 1/2-1/2

[Event "Titled Tuesday intern op 27th Feb Late"]
[Site "Chess.com INT"]
[Date "2024.02.27"]
[Round "6"]
[White "Rozman, Levy"]
[Black "Yelisieiev, Yevhenii"]
[Result "1-0"]
[WhiteElo "2322"]
[BlackElo "2411"]
[PlyCount "61"]
[EventDate "2024.02.27"]
[EventType "swiss (blitz)"]
[EventRounds "11"]
[EventCountry "USA"]
[SourceTitle "CB10_2024"]
[SourceDate "2024.03.06"]
[SourceVersion "1"]
[SourceVersionDate "2024.03.06"]
[SourceQuality "1"]

1. e4 d6 2. d4 Nf6 3. Nc3 e5 4. Nge2 c6 5. h3 b5 6. a3 Be7 7. g4 Bb7 8. Bg2 a5 9. Ng3 exd4 10. Qxd4 c5 11. Qd1 b4 12. Nce2 g6 13. 0-0 0-0 14. e5 Bxg2 15. exf6 Bxh3 16. fxe7 Qxe7 17. Re1 Bxg4 18. Qd5 Nd7 19. Bf4 Ne5 20. Bxe5 dxe5 21. axb4 cxb4 22. Rxa5 Rxa5 23. Qxa5 Bf3 24. Nd4 Ba8 25. Qxe5 Qh4 26. Ne4 f6 27. Qe6+ Kg7 28. Qe7+ Kg8 29. Ne6 Qg4+ 30. Ng3 Rc8 31. Qg7# 1-0

[Event "Titled Tuesday intern op 13th Feb Late"]
[Site "Chess.com INT"]
[Date "2024.02.13"]
[Round "1"]
[White "Rozman, Levy"]
[Black "Eggleston, Thomas"]
[Result "1-0"]
[WhiteElo "2322"]
[BlackElo "2188"]
[PlyCount "99"]
[EventDate "2024.02.13"]
[EventType "swiss (blitz)"]
[EventRounds "11"]
[EventCountry "USA"]
[SourceTitle "CB08_2024"]
[SourceDate "2024.02.21"]
[SourceVersion "1"]
[SourceVersionDate "2024.02.21"]
[SourceQuality "1"]

1. e4 e6 2. b3 d5 3. Bb2 Nc6 4. e5 f6 5. d4 fxe5 6. dxe5 Nh6 7. Bd3 Be7 8. Qh5+ Nf7 9. f4 g6 10. Qh3 Nb4 11. Ne2 Nxd3+ 12. Qxd3 c5 13. Nd2 Bd7 14. Qh3 Qa5 15. a3 0-0 16. Rd1 b5 17. 0-0 Qb6 18. Kh1 a5 19. Nf3 a4 20. Rxd5 exd5 21. Qxd7 Rad8 22. Qxe7 Rfe8 23. Qh4 axb3 24. cxb3 d4 25. Ng3 c4 26. Ne4 Re6 27. Nf6+ Rxf6 28. exf6 c3 29. Ba1 b4 30. f5 Qb5 31. Kg1 Qxf5 32. axb4 c2 33. Bb2 d3 34. Qc4 Qd5 35. Nd2 Qxc4 36. bxc4 Ra8 37. Re1 Kf8 38. Kf2 Ra2 39. Bc3 Ra3 40. Bd4 Ra2 41. Ke3 h5 42. Kxd3 Kg8 43. c5 Kh7 44. Rc1 Ng5 45. Rxc2 Ra3+ 46. Rc3 Ra2 47. c6 Ne6 48. c7 Nf4+ 49. Ke4 Ne2 50. c8R 1-0

[Event "Titled Tuesday intern op 06th Feb Early"]
[Site "Chess.com INT"]
[Date "2024.02.06"]
[Round "1"]
[White "Evdokimov, Alexey2"]
[Black "Rozman, Levy"]
[Result "1-0"]
[WhiteElo "2227"]
[BlackElo "2322"]
[PlyCount "111"]
[EventDate "2024.02.06"]
[EventType "swiss (blitz)"]
[EventRounds "11"]
[EventCountry "USA"]
[SourceTitle "CB07_2024"]
[SourceDate "2024.02.14"]
[SourceVersion "1"]
[SourceVersionDate "2024.02.14"]
[SourceQuality "1"]

1. Nf3 g6 2. d4 Bg7 3. c4 d6 4. Nc3 Nc6 5. e4 Bg4 6. Be3 Bxf3 7. gxf3 e5 8. dxe5 dxe5 9. Qa4 Nge7 10. Rd1 Qc8 11. h4 0-0 12. Bh3 f5 13. h5 Nd4 14. Bxd4 exd4 15. Nd5 Nxd5 16. cxd5 Qe8 17. Qxe8 Raxe8 18. hxg6 hxg6 19. Kf1 fxe4 20. Be6+ Rxe6 21. dxe6 Rxf3 22. Kg2 Rf4 23. Rh3 d3 24. Rg3 Rf6 25. f3 e3 26. Rxd3 Rxe6 27. Kf1 Bxb2 28. Ke2 Kf7 29. Rxe3 Ra6 30. Rb3 Rxa2 31. Rg4 b6 32. Kd3 Bf6 33. Rc4 c5 34. Ke4 Re2+ 35. Kf4 Rd2 36. Ra4 Rd7 37. Ke4 Ke6 38. f4 Rd4+ 39. Rxd4 Bxd4 40. Ra3 a5 41. Rg3 Kd6 42. Rxg6+ Kc7 43. Kd5 a4 44. f5 a3 45. Rg2 Kd7 46. Kc4 Kc6 47. Re2 b5+ 48. Kb3 b4 49. Re6+ Kd5 50. Ra6 Ke5 51. f6 Ke4 52. f7 Bg7 53. Ra8 Kd3 54. Rg8 c4+ 55. Kxb4 a2 56. Ra8 1-0

[Event "Titled Tuesday intern op 06th Feb Late"]
[Site "Chess.com INT"]
[Date "2024.02.06"]
[Round "4"]
[White "Rietze, Clemens"]
[Black "Rozman, Levy"]
[Result "0-1"]
[WhiteElo "2343"]
[BlackElo "2322"]
[PlyCount "32"]
[EventDate "2024.02.06"]
[EventType "swiss (blitz)"]
[EventRounds "11"]
[EventCountry "USA"]
[SourceTitle "CB07_2024"]
[SourceDate "2024.02.14"]
[SourceVersion "1"]
[SourceVersionDate "2024.02.14"]
[SourceQuality "1"]

1. e4 e6 2. d3 d5 3. Qe2 Nc6 4. Nf3 e5 5. c3 f6 6. g3 Be6 7. Bg2 Qd7 8. 0-0 0-0-0 9. a4 g5 10. b4 dxe4 11. dxe4 Qd3 12. Qxd3 Rxd3 13. Re1 h5 14. Bf1 Rxf3 15. Nd2 Rxc3 16. Bb2 Rc2 0-1

[Event "Titled Tuesday intern op 06th Feb Late"]
[Site "Chess.com INT"]
[Date "2024.02.06"]
[Round "3"]
[White "Rozman, Levy"]
[Black "Lazavik, Denis"]
[Result "0-1"]
[WhiteElo "2322"]
[BlackElo "2567"]
[PlyCount "63"]
[EventDate "2024.02.06"]
[EventType "swiss (blitz)"]
[EventRounds "11"]
[EventCountry "USA"]
[SourceTitle "CB07_2024"]
[SourceDate "2024.02.14"]
[SourceVersion "1"]
[SourceVersionDate "2024.02.14"]
[SourceQuality "1"]

1. d4 f5 2. Qd3 Nc6 3. Nf3 e6 4. Bg5 Be7 5. Bxe7 Qxe7 6. Nc3 Nf6 7. 0-0-0 d5 8. h3 Ne4 9. Qe3 Bd7 10. g3 0-0-0 11. Bg2 Kb8 12. Nd2 Nd6 13. f4 Qf6 14. Nf3 h6 15. Ne5 g5 16. Rhf1 Rhg8 17. g4 gxf4 18. Qxf4 Qg7 19. Bf3 fxg4 20. Bxg4 Nxe5 21. Qxe5 Qxe5 22. dxe5 Nc4 23. Rf6 Rge8 24. Rxh6 Nxe5 25. e4 c6 26. Rh7 Rg8 27. Rf1 Nxg4 28. hxg4 Rxg4 29. Rff7 Bc8 30. e5 d4 31. Na4 d3 32. c4 0-1

[Event "Titled Tuesday intern op 06th Feb Late"]
[Site "Chess.com INT"]
[Date "2024.02.06"]
[Round "11"]
[White "Rozman, Levy"]
[Black "Paravyan, David"]
[Result "0-1"]
[WhiteElo "2322"]
[BlackElo "2612"]
[PlyCount "40"]
[EventDate "2024.02.06"]
[EventType "swiss (blitz)"]
[EventRounds "11"]
[EventCountry "USA"]
[SourceTitle "CB07_2024"]
[SourceDate "2024.02.14"]
[SourceVersion "1"]
[SourceVersionDate "2024.02.14"]
[SourceQuality "1"]

1. c4 e5 2. Nf3 e4 3. Nd4 Nc6 4. e3 Nxd4 5. exd4 Qf6 6. Nc3 Qxd4 7. d3 Bb4 8. Qb3 Bxc3+ 9. bxc3 Qe5 10. d4 Qe7 11. Ba3 d6 12. c5 Nf6 13. Bb5+ Bd7 14. Bxd7+ Qxd7 15. Qxb7 0-0 16. cxd6 Rab8 17. Qxc7 Qa4 18. Bc5 Nd5 19. Qxa7 Qc4 20. Rc1 Rb2 0-1

[Event "Titled Tuesday intern op 23rd Jan Late"]
[Site "Chess.com INT"]
[Date "2024.01.23"]
[Round "11"]
[White "Antoniou, Rafail"]
[Black "Rozman, Levy"]
[Result "1-0"]
[WhiteElo "2030"]
[BlackElo "2322"]
[PlyCount "59"]
[EventDate "2024.01.23"]
[EventType "swiss (blitz)"]
[EventRounds "11"]
[EventCountry "USA"]
[SourceTitle "CB05_2024"]
[SourceDate "2024.01.31"]
[SourceVersion "1"]
[SourceVersionDate "2024.01.31"]
[SourceQuality "1"]

1. c4 g6 2. Nf3 Bg7 3. e4 d6 4. d4 Bg4 5. Be2 Bxf3 6. Bxf3 Nc6 7. Be3 e5 8. d5 Nd4 9. Nc3 c5 10. Qa4+ Kf8 11. h4 h5 12. 0-0-0 a6 13. Bxd4 exd4 14. Ne2 b5 15. cxb5 axb5 16. Qxb5 Rxa2 17. Kb1 Ra5 18. Qb7 Nf6 19. Kc2 Ra8 20. Ra1 Rb8 21. Qc6 Kg8 22. Ra7 Kh7 23. Rxf7 d3+ 24. Kxd3 Qa5 25. Qc7 Qb5+ 26. Ke3 Nxd5+ 27. exd5 Rbe8+ 28. Kf4 Rhf8 29. Kg3 Qc4 30. Rxg7+ 1-0

[Event "Titled Tuesday intern op 23rd Jan Late"]
[Site "Chess.com INT"]
[Date "2024.01.23"]
[Round "4"]
[White "Bluebaum, Matthias"]
[Black "Rozman, Levy"]
[Result "1-0"]
[WhiteElo "2655"]
[BlackElo "2322"]
[PlyCount "55"]
[EventDate "2024.01.23"]
[EventType "swiss (blitz)"]
[EventRounds "11"]
[EventCountry "USA"]
[SourceTitle "CB05_2024"]
[SourceDate "2024.01.31"]
[SourceVersion "1"]
[SourceVersionDate "2024.01.31"]
[SourceQuality "1"]

1. d4 g6 2. c4 Bg7 3. e4 Nc6 4. Nf3 e5 5. Bg5 f6 6. Be3 Nh6 7. d5 Ne7 8. d6 cxd6 9. Nc3 Ng4 10. Qxd6 Nxe3 11. fxe3 Qb6 12. Qxb6 axb6 13. Nb5 0-0 14. a3 Nc6 15. Rd1 Bh6 16. Kf2 f5 17. Bd3 Na5 18. Nd6 Nb3 19. exf5 Nc5 20. g4 Bg7 21. e4 Bf6 22. Bc2 Be7 23. Ke3 Na4 24. Bxa4 Rxa4 25. h4 Kh8 26. Nxe5 Bf6 27. Nxc8 Bxe5 28. Nxb6 1-0

[Event "Titled Tuesday intern op 23rd Jan Late"]
[Site "Chess.com INT"]
[Date "2024.01.23"]
[Round "2"]
[White "Golubev, Mikhail"]
[Black "Rozman, Levy"]
[Result "0-1"]
[WhiteElo "2461"]
[BlackElo "2322"]
[PlyCount "118"]
[EventDate "2024.01.23"]
[EventType "swiss (blitz)"]
[EventRounds "11"]
[EventCountry "USA"]
[SourceTitle "CB05_2024"]
[SourceDate "2024.01.31"]
[SourceVersion "1"]
[SourceVersionDate "2024.01.31"]
[SourceQuality "1"]

1. e4 d5 2. exd5 Qxd5 3. Nf3 Nf6 4. d4 Bg4 5. Be2 e6 6. 0-0 Be7 7. c4 Qd8 8. Nc3 0-0 9. h3 Bh5 10. Be3 c6 11. Qb3 Qc7 12. Rad1 Nbd7 13. Rfe1 a5 14. Qc2 Nb6 15. Ne5 Bxe2 16. Qxe2 a4 17. Bf4 Qc8 18. Bg5 h6 19. Bh4 a3 20. b3 Qc7 21. Rd3 Rad8 22. Red1 Ne8 23. Bg3 Qc8 24. Bf4 Nd7 25. Ne4 Nxe5 26. dxe5 Rxd3 27. Qxd3 f5 28. exf6 Nxf6 29. Nxf6+ Bxf6 30. Qd7 b5 31. c5 b4 32. Qxc8 Rxc8 33. Kf1 Kf7 34. Ke2 Bc3 35. Rd7+ Kf6 36. Kd3 Kg6 37. Be3 Kf5 38. g4+ Kg6 39. Ke4 h5 40. Bd4 hxg4 41. Rxg7+ Kh6 42. Rxg4 Rd8 43. Be3+ Kh7 44. Rh4+ Kg6 45. Rg4+ Kf7 46. Rg1 Rh8 47. Rg3 Rh4+ 48. Kf3 Rh5 49. Kg2 Rd5 50. Rf3+ Kg6 51. Rg3+ Kf5 52. Rf3+ Ke4 53. Rf4+ Kd3 54. h4 Kc2 55. Kg3 Kb2 56. Kg4 Kxa2 57. h5 Kxb3 58. h6 a2 59. h7 a1Q 0-1